Countries of the World by First Two Vowels - Statistics

General Stats
  • This quiz has been taken 325 times
  • The average score is 123 of 196
Answers on the Map
Answers color-coded by a green-red scale on the quiz's map according to % correct below.
 
Answer Stats
Countries % Correct
Chad
97%
United Kingdom
93%
United States
91%
Eswatini
89%
Palau
85%
China
83%
Czech Republic
83%
Antigua and Barbuda
82%
Vatican City
80%
Trinidad and Tobago
79%
Cape Verde
78%
Sri Lanka
78%
Belgium
77%
Belize
77%
Benin
77%
Eritrea
77%
Ethiopia
77%
Maldives
77%
Mexico
77%
Nicaragua
77%
Saint Kitts and Nevis
77%
Saint Lucia
77%
Saint Vincent and the Grenadines
77%
Serbia
77%
Singapore
77%
Taiwan
77%
Tajikistan
77%
East Timor
76%
Netherlands
75%
Brazil
74%
Finland
74%
Gambia
74%
Haiti
74%
Iran
74%
Iraq
74%
Israel
74%
Italy
74%
Latvia
74%
Mali
74%
Marshall Islands
74%
Namibia
74%
Pakistan
74%
Paraguay
74%
Rwanda
74%
Spain
74%
Thailand
74%
Zambia
74%
Zimbabwe
74%
Afghanistan
73%
Albania
73%
Bahamas
73%
Bahrain
73%
Bangladesh
73%
Barbados
73%
Canada
73%
Federated States of Micronesia
73%
Ghana
73%
Jamaica
73%
Japan
73%
Kazakhstan
73%
Madagascar
73%
Malawi
73%
Malaysia
73%
Malta
73%
Myanmar
73%
Panama
73%
Qatar
73%
San Marino
73%
São Tomé and Príncipe
73%
Tanzania
73%
Algeria
71%
Argentina
71%
Armenia
71%
Azerbaijan
71%
Cameroon
71%
France
71%
Republic of the Congo
71%
Suriname
70%
Tunisia
70%
United Arab Emirates
70%
Burkina Faso
69%
Tuvalu
69%
Belarus
68%
Bhutan
68%
Bulgaria
68%
Central African Republic
68%
Cuba
68%
Denmark
68%
El Salvador
68%
Equatorial Guinea
68%
Germany
68%
Grenada
68%
Guatemala
68%
Hungary
68%
Kuwait
68%
Lebanon
68%
Nepal
68%
Russia
68%
Sudan
68%
Uganda
68%
Ukraine
68%
Democratic Republic of the Congo
67%
North Macedonia
66%
Colombia
65%
Jordan
65%
Botswana
63%
Costa Rica
63%
Croatia
63%
Monaco
63%
Mozambique
63%
Nauru
63%
Norway
63%
Oman
63%
Papua New Guinea
63%
Poland
63%
Romania
63%
Sierra Leone
63%
Slovakia
63%
Somalia
63%
Switzerland
63%
Tonga
63%
Vanuatu
63%
Australia
62%
Austria
62%
Mauritania
62%
Mauritius
62%
Saudi Arabia
62%
Chile
61%
Guinea
61%
Guinea-Bissau
61%
Iceland
61%
Ireland
61%
Liberia
61%
Liechtenstein
61%
Niger
61%
Nigeria
61%
Vietnam
61%
Ivory Coast
59%
Ecuador
57%
Peru
57%
Fiji
55%
India
55%
Kiribati
55%
New Zealand
55%
Philippines
55%
Senegal
55%
Venezuela
55%
Greece
54%
Sweden
54%
Yemen
54%
Samoa
53%
Andorra
52%
Angola
52%
Cambodia
52%
Gabon
52%
Laos
52%
Bolivia
51%
Bosnia and Herzegovina
51%
Dominica
51%
Dominican Republic
51%
Estonia
51%
Georgia
51%
Lesotho
51%
Djibouti
50%
Honduras
50%
Indonesia
50%
Portugal
50%
South Africa
50%
South Korea
50%
South Sudan
50%
Comoros
46%
Kosovo
46%
Moldova
46%
Mongolia
46%
Morocco
46%
North Korea
46%
Solomon Islands
46%
Togo
46%
Montenegro
42%
Slovenia
42%
Brunei
40%
Luxembourg
40%
Turkey
40%
Turkmenistan
40%
Uzbekistan
40%
Lithuania
37%
Burundi
36%
Uruguay
36%
Egypt
26%
Kenya
26%
Seychelles
26%
Libya
20%
Guyana
12%
Syria
9%
Cyprus
7%
Kyrgyzstan
7%
No matching quizzes found
Score Distribution
Percent of People with Each Score
Percentile by Number Answered
Your Score History
You have not taken this quiz